Common French Verbs - Statistics

General Stats
  • This quiz has been taken 16 times
  • The average score is 17 of 28
Answer Stats
Hint Answer % Correct
parce que because
79%
peut-être maybe
79%
matin / soir / nuit morning / evening / night
79%
maintenant now
79%
ajourd'hui today
79%
quelle heure est-il what time is it
79%
porquoi why
79%
hier yesterday
79%
toujours always
71%
à gauchw left
71%
jamais never
71%
à droite right
71%
pardon sorry
71%
demain tomorrow
71%
félicitations congratulations
64%
minuit midnight
64%
prés near
64%
midi noon
64%
un billet ticket
64%
loin far
57%
d'accord okay
57%
combient ça coûte how much is it
36%
il est ___ heure(s) it is o'clock
36%
enchanté nice to meet you
36%
ça va (bien) I'm good
21%
une cart map
21%
comment ça va how are yu
7%
tout droit straight ahead
7%
No matching quizzes found
Score Distribution
Percent of People with Each Score
Percentile by Number Answered
Your Score History
You have not taken this quiz